000 00862nam a2200241 a 4500
005 20250212063728.0
008 190403s1998 mx r 000 0 spa d
020 _a8449305764
035 _aUPN01000230059
049 _aCG
050 4 _aHQ29
_bM3.4
100 1 _aMaltz, Wendy,
_d1950-
_943226
245 1 3 _aEl mundo íntimo de las fantasías sexuales femeninas :
_bun viaje de pasión, placer y autodescubrimiento /
_cWendy Maltz, Suzie Boss ; tr. Ester González Arqué.
260 _aBarcelona, Esp. :
_bPaidós,
_c1998.
300 _a254 p.
440 0 _aPaidós contextos ;
_v36
534 _pTítulo original:
_tIn the garden of desire : the intimate world of women's sexual fantasies
650 4 _aMujeres
_xConducta sexual
_98809
650 4 _aFANTASIAS SEXUALES
_927851
700 1 _aBoss, Suzie,
_ecoaut.
905 _aLibro
999 _c202154
_d202154